THE STORY OF RELIGION IN AMERICA (Record no. 9735)
[ view plain ]
| 000 -LEADER | |
|---|---|
| fixed length control field | 00345nam a22001217a 4500 |
| 003 - CONTROL NUMBER IDENTIFIER | |
| control field | OSt |
| 005 - DATE AND TIME OF LATEST TRANSACTION | |
| control field | 20251030061253.0 |
| 008 - FIXED-LENGTH DATA ELEMENTS--GENERAL INFORMATION | |
| fixed length control field | 251030b |||||||| |||| 00| 0 eng d |
| 040 ## - CATALOGING SOURCE | |
| Transcribing agency | HAPPY BROTHERS PUBLISHERS |
| 245 ## - TITLE STATEMENT | |
| Title | THE STORY OF RELIGION IN AMERICA |
| Statement of responsibility, etc. | SWEET WILLIAM WARREN |
| 260 ## - PUBLICATION, DISTRIBUTION, ETC. | |
| Place of publication, distribution, etc. | USA |
| Name of publisher, distributor, etc. | HARPER BROTHERS PUBLISHERS |
| Date of publication, distribution, etc. | 1930 |
| 942 ## - ADDED ENTRY ELEMENTS (KOHA) | |
| Source of classification or shelving scheme | Library of Congress Classification |
| Koha item type | Books |
| Suppress in OPAC | No |
| Withdrawn status | Lost status | Source of classification or shelving scheme | Damaged status | Not for loan | Home library | Current library | Date acquired | Total checkouts | Barcode | Date last seen | Price effective from | Koha item type |
|---|---|---|---|---|---|---|---|---|---|---|---|---|
| Library of Congress Classification | PIU Library | PIU Library | 10/30/2025 | PIUDMUR699 | 10/30/2025 | 10/30/2025 | Books | |||||
| Library of Congress Classification | PIU Library | PIU Library | 10/30/2025 | 10/30/2025 | 10/30/2025 | Books | ||||||
| Library of Congress Classification | PIU Library | PIU Library | 10/30/2025 | PIUDMUR742 | 10/30/2025 | 10/30/2025 | Books |